| 000 | 00379nam a2200157Ia 4500 | ||
|---|---|---|---|
| 008 | 230917s9999||||xx |||||||||||||| ||und|| | ||
| 040 |
_e200432 _aMAIN |
||
| 041 | _aEnglish | ||
| 082 | _a658.3 M311P | ||
| 100 | _aMamoria,C B | ||
| 245 | 0 | _aPersonnel management ;text and cases. | |
| 250 | _a30th ed. | ||
| 260 |
_aMumbai _bHimalaya _c2012 |
||
| 300 | _a852 p. | ||
| 942 | _cBK | ||
| 999 |
_c165328 _d165328 |
||